000 00406nam a22001577a 4500
020 _a9788119443925
082 _aM 302.23
_bSUN/M
100 _aSuneetha T. V.
245 _aMalayalathinte E. jeevitham/
_cby Suneetha T. V.
260 _aKozhikode:
_bPavanatma Publishers,
_c2024.
300 _a99p.
650 _aMass Media
650 _aMedia Communication
650 _aSocial Sciences
942 _cBK
999 _c182033
_d182033